| 000 | 00820nam a2200229Ia 4500 | ||
|---|---|---|---|
| 003 | GCL | ||
| 008 | 140319s9999 xx 000 0 ara d | ||
| 040 |
_aGCL / _cGCL |
||
| 082 | 0 | 4 |
_a958.102 _bص ق |
| 100 | 1 | _aصالح مهدى عماش | |
| 245 | 1 | 0 |
_aقتيبة بنى مسلم الباهلى / _cصالح مهدى عماش |
| 260 |
_a[S.N] : _bوزارةالثقافة و الفنون ، _c1978 |
||
| 300 | _a226 ص | ||
| 490 |
_aسلسلة الاعلام والمشهورين _v0 |
||
| 650 | 0 | 4 | _aالتاريخ الاسلامى |
| 650 | 0 | 4 | _aالمسلمون فى اسيا |
| 650 | 0 | 4 | _aالمسلمون فى الصين |
| 650 | 0 | 4 | _aالمسلمون فى الصين واسيا |
| 650 | 0 | 4 | _aقتيبة بن مسلم |
| 650 | 0 | 4 | _aالمسلمون فى الاتحاد السوفيتى |
| 942 |
_2ddc _cBK |
||
| 999 |
_c35818 _d35818 |
||